A Körmöczbányai Nőgylet Alapszabályai ...

Bibliographic Details
Format: Book
Language:English
PhysicalDescription:15 s.
Published: Körmöczbányán Nyomatott Joerges Ágost Özv. és fiánál 1895

MARC

LEADER 00000nam a2200000 a 4500
001 vtls008633958
003 SK-MaSNL
005 20260224205310.0
008 060323 000 0 eng
040 |a SNK  |b slo  |c SNK  |e AACR2 
245 1 |a A Körmöczbányai Nőgylet Alapszabályai ... 
260 |a Körmöczbányán  |b Nyomatott Joerges Ágost Özv. és fiánál  |c 1895 
300 |a 15 s. 
999 |c 1167531  |d 1169461 
952 |a SNK  |b SNK  |y VYP  |7 0  |p 17A0500097  |o snkSD 2181/3 D1  |i snkF 3478/64  |3 Rekatalogizácia  |0 0  |1 0  |4 0  |d 2006-03-23  |l 0  |r 2026-02-24 20:53:10  |w 2026-02-24